00673nam a22001817a 4500003000900000008004100009040007100050082002000121245007200141260005200213300004400265440003400309505007000343650002400413650001500437650001300452700002600465AR-CdUCM190425b ||||| |||| 00| 0 spa d aMUNICIPALIDAD PROVINCIAL DEL CUSCOcBIBLIOTECA MUNICIPAL DEL CUSCO aSur/N°180/1991 aSur :bsemanario regional surandino /cGuido Delran Cousy, Director aCusco.bCentro Bartolomé de las Casas,c1991. a8 páginas. :bilustraciones ;c29 cm. aSur.nAño XIV, N°180,1991. aContenido: ¿Cuánto cuesta cambiar de nombre a una ciudad?. ... aSociedad cusqueña aPolítica aSiglo XX aGodenzzi, Juan Carlos